UK Towns Quiz - Bridgend - Wales - Statistics

General Stats
  • This quiz has been taken 30 times
  • The average score is 7 of 19
Answer Stats
Clue Population Town % Correct
B 51,785 Bridgend
100%
M 18,332 Maesteg
83%
P 15,798 Porthcawl
78%
P 9,113 Pencoed
67%
P 14,080 Pyle
67%
O 3,095 Ogmore Vale
56%
S 11,868 Sarn
50%
P 2,421 Pontycymer
39%
L 1,015 Llangeinor
28%
N 2,375 Nant-y-Moel
28%
B 2,243 Bettws
22%
B 628 Blackmill
22%
C 1,379 Cefn Cribwr
17%
B 1,777 Blaengarw
11%
P 791 Pant-yr-awel
11%
P 2,303 Pen-y-fai
11%
H 562 Heol-y-Cyw
6%
P 1,480 Pont Rhyd-y-cyff
6%
T 793 Trelales
6%
No matching quizzes found
Score Distribution
Percent of People with Each Score
Percentile by Number Answered
Your Score History
You have not taken this quiz